Car Models by Picture #13 - Statistics

General Stats
  • This quiz has been taken 118 times
  • The average score is 7 of 12
Answer Stats
Picture Hint Answer % Correct
Volkswagen Polo
80%
BMW Z4
76%
Renault Mégane
75%
AC Shelby Cobra
72%
Ferrari 458
66%
Škoda Octavia
64%
Hyundai Tucson
63%
Honda Accord
55%
Morgan 3 Wheeler
43%
Lincoln Continental
39%
Chrysler Crossfire
30%
Hillman Imp
22%
No matching quizzes found
Score Distribution
Percent of People with Each Score
Percentile by Number Answered
Your Score History
You have not taken this quiz